Agribusiness management, its meaning, nature and scope, types of management tasks and responsibilities
La agroindustria (agribusiness) es un sistema complejo que comprende diversos sectores: productivo, de manufactura, transporte y de mercadeo. As,̕ est ̀directamente relacionado con la industria y el comercio. Una agroindustria es una institucin̤ social. Su existencia depende de su relacin̤ armn̤ica...
שמור ב:
| מחברים אחרים: | , |
|---|---|
| פורמט: | ספר |
| שפה: | אנגלית |
| נושאים: | |
| גישה מקוונת: | Agribusiness management, its meaning, nature and scope, types of management tasks and responsibilities |
| תגים: |
הוספת תג
אין תגיות, היה/י הראשונ/ה לתייג את הרשומה!
|
MARC
| LEADER | 00000nam a22000004a 4500 | ||
|---|---|---|---|
| 001 | vpro3487 | ||
| 005 | 20201223000000.0 | ||
| 008 | 121029s2011 ck # g## #001 0#eng#d | ||
| 020 | |||
| 022 | |||
| 040 | |a CO-BoINGC | ||
| 041 | 0 | |a eng | |
| 245 | 1 | 0 | |a Agribusiness management, its meaning, nature and scope, types of management tasks and responsibilities |
| 246 | |a Gestin̤ en la agroindustria, su significado, naturaleza y alcances tipos de tareas y responsabilidades de gestin̤ | ||
| 264 | |a Bogot ̀(Colombia) : |b Revista VirtualPRO, |c 2011 | ||
| 520 | 3 | |a La agroindustria (agribusiness) es un sistema complejo que comprende diversos sectores: productivo, de manufactura, transporte y de mercadeo. As,̕ est ̀directamente relacionado con la industria y el comercio. Una agroindustria es una institucin̤ social. Su existencia depende de su relacin̤ armn̤ica con diversos segmentos de la sociedad. Estas relaciones armoniosas se originan de las respuestas positivas del campesino con los distintos sectores, y estǹ n̕timamente asociadas con las tareas que se espere lleve a cabo un manager. El proceso de desarrollar estas relaciones comienza reconociendo la existencia de las responsabilidades del manager, dirigidas a los proveedores, distribuidores, trabajadores, inversores, el gobierno y la sociedad. | |
| 650 | \ | \ | |a Complejos agroindustriales |
| 650 | \ | \ | |a Administracin̤ industrial |
| 650 | \ | \ | |a Desarrollo econm̤ico |
| 650 | \ | \ | |a Industrias agropecuarias |
| 650 | \ | \ | |a Agribusinesses |
| 650 | \ | \ | |a Industrial management |
| 650 | \ | \ | |a Economic growth |
| 650 | \ | \ | |a Animal industry |
| 650 | \ | \ | |a Agroindustria |
| 650 | \ | \ | |a Industria |
| 650 | \ | \ | |a Alimentos |
| 650 | \ | \ | |a Gestin̤ |
| 650 | \ | \ | |a Agribusiness |
| 650 | \ | \ | |a Industry |
| 650 | \ | \ | |a Food |
| 650 | \ | \ | |a Management |
| 700 | \ | \ | |a Baruah B. K. |
| 700 | \ | \ | |a Assam Agricultural University |
| 856 | |z Agribusiness management, its meaning, nature and scope, types of management tasks and responsibilities |u https://virtualpro.unach.elogim.com/biblioteca/gestion-en-la-agroindustria-su-significado-naturaleza-y-alcances-tipos-de-tareas-y-responsabilidades-de-gestion | ||